| 000 | 01016cam a22003257a 4500 | ||
|---|---|---|---|
| 003 | CHAP | ||
| 005 | 20220329142754.0 | ||
| 008 | 030820d2002 us a r 00110 eng d | ||
| 010 | _a87570 | ||
| 011 | _a88542 | ||
| 020 | _a1587161079 | ||
| 035 | _a99087 | ||
| 040 | _cCHAP | ||
| 082 | 0 | 0 |
_a547.75 _bG4 |
| 100 | 0 | 0 |
_aGennadios, Aristippos _eed. _947466 |
| 245 | 1 | 0 |
_aProtein-based films and coatings _c/ed. by Aristippos Gennadios |
| 260 |
_aBoca Raton, Flo. ; _bCRC Press, _c2002. |
||
| 300 |
_a650 p. ; _bilus. ; gráfs. |
||
| 590 |
_aBATCH-UPD _b10 _c20130110 _lUCH01 _h0817 |
||
| 590 |
_aBATCH-UPD _b10 _c20130410 _lUCH01 _h0454 |
||
| 590 |
_aBATCH-UPD _b10 _c20130914 _lUCH01 _h1943 |
||
| 590 |
_aCONVERSION _b10 _c20130109 _lUCH01 _h1349 |
||
| 650 | 1 | 4 |
_aProteínas. _992446 |
| 650 | 1 | 4 |
_aProteínas _xBioquímica. _992448 |
| 650 | 1 | 4 |
_aProteínas _xQuímica. _992452 |
| 901 | _aBK | ||
| 905 | _aMayto Villalobos S. | ||
| 942 | _cLIBRO | ||
| 949 |
_a547.75 G4 _bBC _cLIBRO _d33724000898748 _eLIBRO _h103144 _i99087 _sb |
||
| 999 |
_c87570 _d87570 |
||